000 00667na a2200241 4500
001 14689
003 MIRAKIL
005 20181213154910.0
008 161031b tu 000 0
020 _a9789756221334
035 _a14689
040 _aMilas
_btur
_cTR-AnCHP
041 _atur
082 _a320.03
_bE67k 2009
090 _a320.03 E67k 2009
100 _aErtuğrul, Aytekin
245 _aKuva-yi Milliyeci
_bTürk siyasetçisinin el kitabı
_cAytekin Ertuğrul
260 _aAnkara
_bLazer Yayınları
_c2009
300 _a168 s.
_c19 sm.
650 _aAtatürkçülük
_xElkitapları
650 _aSiyaset bilimi
_xElkitapları
942 _2ddc
_cBKS
999 _c2828
_d2828